000 01224cam a2200277 4500
001 ##L132052
008 051222n2004 000 0 eng u
020 _a0860176142
035 _a(Sirsi) u132052
041 0 _aeng
050 _a693.9 $2 18
100 1 _aCripps, Andrew
245 0 0 _aCrops in construction handbook
_hmultimedia
260 _aLondon
_bCIRIA
_c2004
300 _a112p.
_bill
_c30cm.
_e+1 CD-ROM
490 0 _aCIRIA
_v614
490 0 _aCIRIA Research Project
_v680
520 _aHandbook resulting from the CIRIA Research Project 680: "The use of agricultural crops (plant and animal) in construction". Aims to encourage the use of products derived from agricultural crops by UK construction professionals. Focuses on currently available projects and how these can be successfully used in construction projects.
520 _aAccompanied by a CD-ROM (L133332) which is not available for loan.
690 _aBUILT ENVIRONMENT-BUILDING MATERIALS-NON TIMBER ANIMAL AND VEGETABLE MATERIALS-VEGETABLE MATERIAL
700 1 _aHandyside, Richard
700 1 _aDewar, Liam
700 1 _aFovargue, Jonathan
710 2 _aConstruction Industry Research and Information Association
_94810
942 _n0
999 _c104994
_d104994